000 00483nam a2200181Ia 4500
005 20250326124337.0
008 250326s9999 xx 000 0 und d
037 _aTextbook
040 _aFMSL
_beng
_cFMSL
041 _aeng
_2eng
084 _aX:74 L0
_qFMSL
100 _aDrucker P F
_9735093
245 0 _aManaging for results
_cDrucker P F
260 _aNew Delhi
_bNew Delhi, Allied
_c1970
300 _a240p
942 _cTB
_hX:74 L0
999 _c1273357
_d1273357